MARC

LEADER 00000nam0a2200000 4500
001 44906
005 20231101210920.0
035 |a (RuTPU)RU\TPU\book\46651 
090 |a 44906 
100 |a 20021127d1982 m y0rusy50 ca 
101 0 |a rus 
102 |a RU 
105 |a a j 001zy 
200 1 |a Введение в физическую химию кристаллофосфоров  |e учебное пособие для вузов  |f А. М. Гурвич 
205 |a 2-е изд., перераб. и доп. 
210 |a Москва  |c Высшая школа  |d 1982 
215 |a 376 с.  |c ил. 
320 |a Библиогр.: с. 353-362 
320 |a Предм. указ.: с. 367-372 
606 1 |a Люминесценция  |x (оптика)  |2 stltpush  |3 (RuTPU)RU\TPU\subj\71064  |9 85127 
606 1 |a Кристаллы  |x Люминесценция  |2 stltpush  |3 (RuTPU)RU\TPU\subj\16355  |9 42445 
610 1 |a физическая химия 
610 1 |a светящиеся составы 
610 1 |a кристаллофосфоры 
610 1 |a люминофоры 
610 1 |a кристаллические решетки 
610 1 |a дефекты 
610 1 |a учебные пособия 
675 |a 548.0:535(075.8)  |v 3 
675 |a 535.37(075.8)  |v 3 
700 1 |a Гурвич  |b А. М.  |g Александр Маркович 
801 1 |a RU  |b 63413507  |c 20021127  |g PSBO 
801 2 |a RU  |b 63413507  |c 20200902  |g PSBO 
900 |a Физическая химия 
900 |a Электронная технология 
900 |a Теория люминесценции 
942 |c BK 
952 |a 550000  |b 070800